| 000 | 00612pab a2200193 454500 | ||
|---|---|---|---|
| 008 | 180718b2011 xxu||||| |||| 00| 0 eng d | ||
| 100 | _aLiu, Bang-Cheng | ||
| 245 | _aDoes the love of money moderate the relationship between public service motivation and job satisfaction? The case of Chinese professionals in the public sector | ||
| 260 | _c2011 | ||
| 300 | _ap.718-727. | ||
| 362 | _aSep-Oct | ||
| 650 | _aJob satisfaction - China | ||
| 650 | _aMotivation - China | ||
| 650 | _aMotivation | ||
| 700 | _aTang, Thomas Li Ping | ||
| 773 | _aPublic Administration Review | ||
| 908 | _aN | ||
| 909 | _a93410 | ||
| 999 |
_c93410 _d93410 |
||